[Event "Saint Louis Rapid 2018"]
[Site "Saint Louis USA"]
[Date "2018.08.13"]
[Round "7.2"]
[White "Mamedyarov,S"]
[Black "Karjakin,Sergey"]
[Result "1-0"]
[WhiteElo "2801"]
[BlackElo "2773"]

1.c4 Nf6 2.Nf3 e6 3.e3 Be7 4.Nc3 O-O 5.b3 b6 6.Bb2 Bb7 7.Qc2 c5 8.Ng5 h6
9.h4 Re8 10.O-O-O Nc6 11.a3 Kf8 12.Nh7+ Kg8 13.Ng5 Kf8 14.f4 Rc8 15.Bd3 d5
16.Bg6 hxg5 17.hxg5 Ng8 18.Bh7 Nf6 19.gxf6 Bxf6 20.g4 Ke7 21.g5 Bxc3 22.dxc3 Rh8
23.cxd5 exd5 24.c4 d4 25.Qe4+ Kd6 26.exd4 Kc7 27.dxc5 Qe8 28.Bxg7  1-0

[Event "Saint Louis Rapid 2018"]
[Site "Saint Louis USA"]
[Date "2018.08.13"]
[Round "8.1"]
[White "Dominguez Perez,L"]
[Black "Mamedyarov,S"]
[Result "1/2-1/2"]
[WhiteElo "2739"]
[BlackElo "2801"]

1.e4 e5 2.Nf3 Nc6 3.Bc4 Nf6 4.d3 h6 5.c3 d6 6.Nbd2 g5 7.h3 Bg7 8.Bb3 O-O
9.Nf1 Ne7 10.Ne3 Be6 11.h4 g4 12.Nh2 h5 13.f3 d5 14.fxg4 hxg4 15.Nhxg4 Nxg4
16.Nxg4 f5 17.Nh6+ Kh7 18.Qh5 Qe8 19.Qxe8 Raxe8 20.Nxf5 Nxf5 21.exf5 Rxf5
22.Rf1 c6 23.Be3 Rg8 24.Rxf5 Bxf5 25.Ke2 Bh6 26.Bxh6 Kxh6 27.Rg1 Kh5 28.g3 Rf8
29.Bd1 Bg4+ 30.Ke3 Bxd1 31.Rxd1 Kg4 32.Rg1 Rf3+ 33.Ke2 d4 34.cxd4 exd4 35.b4 Rf5
36.a3 a5 37.Rb1 Rb5 38.Kd2 Kxg3 39.a4 Rf5 40.bxa5 Rxa5 41.Rxb7 Rxa4 42.Kc2  1/2-1/2

[Event "Saint Louis Rapid 2018"]
[Site "Saint Louis USA"]
[Date "2018.08.13"]
[Round "9.3"]
[White "Mamedyarov,S"]
[Black "Anand,V"]
[Result "1-0"]
[WhiteElo "2801"]
[BlackElo "2768"]

1.c4 e5 2.g3 Nf6 3.Bg2 Bc5 4.Nc3 O-O 5.e3 Re8 6.Nge2 d6 7.O-O c6 8.b3 Bb6
9.Ba3 Bf5 10.d4 e4 11.h3 h6 12.g4 Bh7 13.Ng3 d5 14.h4 Bg6 15.Rc1 Bc7 16.f4 exf3
17.Qxf3 Nbd7 18.cxd5 cxd5 19.g5 hxg5 20.hxg5 Nh7 21.Nxd5 Nxg5 22.Qg4 Bxg3
23.Qxg3 Ne4 24.Qc7 Nb6 25.Ne7+ Rxe7 26.Bxe7 Qe8 27.Qxb7 Rb8 28.Qc7 Nd5 29.Qe5 Ndc3
30.Bxe4 Nxe4 31.Bh4 Qxe5 32.dxe5 Re8 33.Rc7 Rxe5 34.Rxa7 Rh5 35.Rf4 f6 36.Re7 Nc3
37.Rg4 Nd5 38.Ra7  1-0

[Event "Saint Louis Blitz 2018"]
[Site "Saint Louis USA"]
[Date "2018.08.14"]
[Round "1.4"]
[White "Grischuk,A"]
[Black "Mamedyarov,S"]
[Result "1/2-1/2"]
[WhiteElo "2766"]
[BlackElo "2801"]

1.e4 c6 2.d4 d5 3.e5 Bf5 4.Nf3 e6 5.Be2 Ne7 6.O-O c5 7.c4 Nbc6 8.dxc5 dxc4
9.Bxc4 Ng6 10.Be3 Be7 11.Bb5 O-O 12.Bxc6 bxc6 13.Qa4 Qc7 14.Kh1 Rab8 15.Nbd2 Bd3
16.Rfe1 Rfd8 17.b4 Rd5 18.Rac1 Qb7 19.a3 Nxe5 20.Nxe5 Rxe5 21.Nc4 Bxc4 22.Rxc4 Rd8
23.Rd1 Red5 24.Rcd4 Bf6 25.Rxd5 exd5 26.Bf4 h6 27.h3 Re8 28.Qb3 a6 29.Kg1 Re4
30.Bd6 Qb5 31.Qf3 a5 32.Qf5 Re6 33.Rb1 g6 34.Qf4 Kg7 35.Qd2 Re4 36.f3 Re2
37.Qf4 Qd3 38.Rf1 Re6 39.Qc1 a4 40.Rd1 Qb3 41.Kh1 Bb2 42.Qd2 Qxa3 43.b5 cxb5
44.Qxd5 Bf6 45.c6 Qb3 46.c7 Re8 47.Qxb3 axb3 48.Rb1 b2 49.Ba3 Rc8 50.Bxb2 Rxc7  1/2-1/2

[Event "Saint Louis Blitz 2018"]
[Site "Saint Louis USA"]
[Date "2018.08.14"]
[Round "2.2"]
[White "Mamedyarov,S"]
[Black "Dominguez Perez,L"]
[Result "1/2-1/2"]
[WhiteElo "2801"]
[BlackElo "2739"]

1.c4 e6 2.Nf3 d5 3.e3 Nf6 4.Nc3 dxc4 5.Bxc4 a6 6.a4 c5 7.d4 Nc6 8.O-O Be7
9.Ne5 Bd7 10.Nxd7 Qxd7 11.dxc5 Qxd1 12.Rxd1 Bxc5 13.Kf1 Ke7 14.Ke2 Rac8 15.Bd2 Bd6
16.Be1 Rc7 17.h3 Rhc8 18.Ba2 Bb4 19.f3 h6 20.Bg3 Rd7 21.Rxd7+ Nxd7 22.Rc1 Nf6
23.Be1 Nd7 24.Bb1 Nb6 25.Be4 f5 26.Bb1 Kd7 27.g4 g6 28.Ba2 Ke7 29.Bb1 Bd6
30.h4 h5 31.g5 Nc4 32.Ba2 Nb4 33.Bxc4 Rxc4 34.f4 Nd5 35.Kd3 b5 36.axb5 axb5
37.b3 Rc5 38.Ra1 Nb4+ 39.Ke2 Nc6 40.Ra8 b4 41.Na4 Rc2+ 42.Kd3 Rc1 43.Bd2 Rh1
44.Ra6 Kd7 45.Nb6+ Kc7 46.Na8+ Kd7 47.Nb6+ Kc7 48.Nc4 Bc5 49.Ne5 Nxe5+ 50.fxe5 Kd7
51.Kc4 Be7 52.Ra7+ Ke8 53.Ra8+ Kd7 54.Ra7+ Ke8 55.Ra8+ Kd7  1/2-1/2

[Event "Saint Louis Blitz 2018"]
[Site "Saint Louis USA"]
[Date "2018.08.14"]
[Round "3.5"]
[White "Aronian,L"]
[Black "Mamedyarov,S"]
[Result "1-0"]
[WhiteElo "2767"]
[BlackElo "2801"]

1.e4 c6 2.d4 d5 3.exd5 cxd5 4.c3 Nf6 5.Bd3 Nc6 6.h3 g6 7.Nf3 Bf5 8.O-O Bg7
9.Re1 O-O 10.Bf1 a6 11.Bf4 Ne4 12.Nbd2 Re8 13.Nxe4 Bxe4 14.Nd2 Bf5 15.Nb3 Qb6
16.a4 Na5 17.Nxa5 Qxa5 18.Qb3 Ra7 19.Bd6 Qd8 20.Bc5 Ra8 21.Qxb7 Rb8 22.Qxa6 Rxb2
23.Bb5 Bd7 24.Rab1 Ra2 25.Bxd7 Qxd7 26.Qb5 Qc8 27.Bxe7 h5 28.a5 Kh7 29.Qxd5 Rc2
30.Bb4 Rxe1+ 31.Rxe1 Qc7 32.a6 Qf4 33.Rf1 Rc1 34.g3  1-0

[Event "Saint Louis Blitz 2018"]
[Site "Saint Louis USA"]
[Date "2018.08.14"]
[Round "4.1"]
[White "Caruana,F"]
[Black "Mamedyarov,S"]
[Result "0-1"]
[WhiteElo "2822"]
[BlackElo "2801"]

1.e4 c6 2.d4 d5 3.e5 Bf5 4.Nf3 e6 5.Be2 Ne7 6.O-O c5 7.Be3 Nec6 8.c3 Nd7
9.Nbd2 Be7 10.a3 a6 11.Re1 O-O 12.Nf1 Rc8 13.Ng3 Bg6 14.Nd2 cxd4 15.cxd4 Qb6
16.b4 Nxd4 17.Bf1 f6 18.Nb3 fxe5 19.Nxd4 exd4 20.Bxd4 Qd6 21.Ra2 Bf6 22.Bxf6 Rxf6
23.Bd3 Bxd3 24.Qxd3 Ne5 25.Qd4 Nc6 26.Qb6 Qc7 27.Qc5 Ne7 28.Qe3 Qc3 29.Qe2 Rcf8
30.h3 Nc6 31.Qd1 Nd4 32.Rd2 e5 33.Rd3 Qc7 34.f3 Nb5 35.Kh1 d4 36.Ne4 Rc6
37.Qd2 Nc3 38.Nf2 Nd5 39.Qg5 Nf4 40.Rd2 Rc1 41.Rdd1 Rxd1 42.Nxd1 Nd3 43.Re2 h6
44.Qd2 Nf4 45.Re1 Rc8 46.Qa2+ Qc4 47.Qb1 Qc2 48.Qxc2 Rxc2 49.g3 Nd3 50.Rf1 Kf7  0-1

[Event "Saint Louis Blitz 2018"]
[Site "Saint Louis USA"]
[Date "2018.08.14"]
[Round "5.5"]
[White "Mamedyarov,S"]
[Black "Vachier Lagrave,M"]
[Result "0-1"]
[WhiteElo "2801"]
[BlackElo "2779"]

1.d4 Nf6 2.c4 g6 3.g3 c6 4.Bg2 d5 5.Qa4 Bg7 6.cxd5 O-O 7.e4 cxd5 8.e5 Nfd7
9.Nc3 Nb6 10.Qd1 Nc6 11.Nge2 Bg4 12.h3 Bxe2 13.Nxe2 f6 14.f4 fxe5 15.dxe5 e6
16.b3 Nd7 17.O-O Qb6+ 18.Kh2 Rad8 19.Bb2 Rfe8 20.h4 Qa6 21.h5 gxh5 22.Ng1 h4
23.gxh4 Ne7 24.Qh5 Qd3 25.Nh3 Qf5 26.Bf3 Rc8 27.Rac1 h6 28.Rg1 Qxh5 29.Bxh5 Rxc1
30.Rxc1 Rc8 31.Bg4 Kf7 32.f5 Bxe5+ 33.Bxe5 Nxe5 34.fxe6+ Kf6 35.Rxc8 Nxg4+
36.Kg3 Nxc8 37.Kxg4 Kxe6 38.Kh5 Kf5 39.Nf2 Ne7 40.Kxh6 Ng6 41.h5 Nf4 42.Nh1 d4
43.Nf2 b6 44.a3 a6 45.a4 a5 46.Kg7 Nxh5+ 47.Kf7 Nf4 48.Ke7 Ke5 49.Kd7 Kd5
50.Kc7 Kc5 51.Ne4+ Kb4 52.Kxb6 d3 53.Kc6 Ne2 54.Kb6 Nd4 55.Nf6 d2 56.Nd5+ Kxb3
57.Ne3 Kb4 58.Nd5+ Kxa4 59.Kc5 Kb3 60.Ne3 Nc2  0-1

[Event "Saint Louis Blitz 2018"]
[Site "Saint Louis USA"]
[Date "2018.08.14"]
[Round "6.2"]
[White "Karjakin,Sergey"]
[Black "Mamedyarov,S"]
[Result "0-1"]
[WhiteElo "2773"]
[BlackElo "2801"]

1.e4 c6 2.d4 d5 3.e5 Bf5 4.Nf3 e6 5.Be2 Ne7 6.c3 Nd7 7.O-O h6 8.Nbd2 c5 9.dxc5 Nxc5
10.Nd4 Nd7 11.Nxf5 Nxf5 12.Bd3 Ne7 13.Nf3 Nc6 14.Re1 Qc7 15.Qe2 g5 16.h3 a6
17.c4 dxc4 18.Bxc4 Bg7 19.Bd2 Ndxe5 20.Nxe5 Nxe5 21.Bxe6 fxe6 22.Rac1 Qf7
23.Bc3 O-O 24.Bxe5 Bxe5 25.Qxe5 Qxf2+ 26.Kh1 Rae8 27.Qe4 Qf7 28.Rf1 Qxf1+
29.Rxf1 Rxf1+ 30.Kh2 Rf6 31.Qxb7 e5 32.Qe4 Re7 33.h4 gxh4 34.Qxh4 Kg7 35.Qg4+ Kf7
36.Qe4 Kg7 37.Qg4+ Rg6 38.Qe4 Rg5 39.b4 Rf7 40.g3 h5 41.a4 Rf6 42.b5 axb5
43.axb5 Rfg6 44.Qe3 e4 45.Qd4+ Kh7 46.b6 Rxg3 47.Qxe4 Rg4 48.Qe7+ Kh6 49.Qe3+ R6g5
50.b7 Rh4+  0-1

[Event "Saint Louis Blitz 2018"]
[Site "Saint Louis USA"]
[Date "2018.08.14"]
[Round "7.4"]
[White "Mamedyarov,S"]
[Black "So,W"]
[Result "1-0"]
[WhiteElo "2801"]
[BlackElo "2780"]

1.Nf3 d5 2.e3 Nf6 3.c4 e6 4.Nc3 Be7 5.b3 O-O 6.Bb2 c5 7.cxd5 Nxd5 8.Qb1 b6
9.Nxd5 exd5 10.d4 a5 11.Bd3 h6 12.O-O a4 13.e4 axb3 14.axb3 Rxa1 15.Qxa1 dxe4
16.Bxe4 Bf6 17.Rd1 Bg4 18.dxc5 Bxb2 19.Rxd8 Bxa1 20.Bh7+ Kxh7 21.Rxf8 Nd7
22.Ra8 Bxf3 23.gxf3 Be5 24.Re8 Bf4 25.Re4 Bb8 26.Re8 Bf4 27.c6 Ne5 28.c7 Nxf3+
29.Kg2 Nh4+ 30.Kh3 Bxc7 31.Rc8 Bd6 32.Kxh4 Bxh2 33.Rc6 Be5 34.Rxb6 Bd4 35.Rc6 Bxf2+
36.Kh3 Be1 37.Rc4 Kg6 38.b4 Kf5 39.b5 Bf2 40.Kg2 Ba7 41.Rc7 Bd4 42.Rc6 Kg4
43.Rc4  1-0

[Event "Saint Louis Blitz 2018"]
[Site "Saint Louis USA"]
[Date "2018.08.14"]
[Round "9.3"]
[White "Mamedyarov,S"]
[Black "Anand,V"]
[Result "1-0"]
[WhiteElo "2801"]
[BlackElo "2768"]

1.Nf3 d5 2.e3 Nf6 3.c4 e6 4.Nc3 c5 5.cxd5 exd5 6.d4 Nc6 7.Bb5 cxd4 8.exd4 Bd6
9.Bg5 Be6 10.O-O O-O 11.Re1 Rc8 12.Ne5 h6 13.Bh4 g5 14.Bg3 Ne7 15.Nd7 Bxd7
16.Bxd6 Re8 17.Qf3 Nf5 18.Be5 Ne4 19.Bxd7 Qxd7 20.Nxd5  1-0

[Event "Saint Louis Blitz 2018"]
[Site "Saint Louis USA"]
[Date "2018.08.15"]
[Round "10.4"]
[White "Mamedyarov,S"]
[Black "Grischuk,A"]
[Result "1/2-1/2"]
[WhiteElo "2801"]
[BlackElo "2766"]

1.d4 Nf6 2.c4 g6 3.g3 c6 4.Bg2 d5 5.Qa4 Bg7 6.cxd5 Nxd5 7.Nf3 Bg4 8.Qd1 Nb6
9.e3 O-O 10.O-O Qc8 11.Nc3 Na6 12.Qe2 Rd8 13.Rd1 c5 14.d5 Bxc3 15.bxc3 Rxd5
16.Rxd5 Nxd5 17.e4 Qe6 18.h3 Nxc3 19.Qb2 Bxf3 20.Bxf3 Qf6 21.Kg2 Rd8 22.Qxb7 Nb4
23.Qc7 Rf8 24.e5 Qb6 25.Qxe7 Nc6 26.Qf6 Nd4 27.Bh6 Qxf6 28.exf6 Re8 29.Rc1 Nxa2
30.Rxc5 Nxf3 31.Kxf3 Nb4 32.Kg2 Nd3 33.Rd5 Nb4 34.Ra5 Ra8 35.h4 a6 36.h5 Nc6
37.Rc5 Nd4 38.hxg6 hxg6 39.Ra5 Nc6 40.Rd5 Nd8 41.Bd2 Ne6 42.Ba5 g5 43.Kf3 Kh7
44.Ke4 Kg6 45.Bc3 Rc8 46.Kd3 Rc5 47.Rd6 Rf5 48.Ke2 a5 49.Ra6 Rc5 50.Bxa5  1/2-1/2

[Event "Saint Louis Blitz 2018"]
[Site "Saint Louis USA"]
[Date "2018.08.15"]
[Round "11.2"]
[White "Dominguez Perez,L"]
[Black "Mamedyarov,S"]
[Result "1-0"]
[WhiteElo "2739"]
[BlackElo "2801"]

1.e4 e5 2.Nf3 Nc6 3.Bc4 Nf6 4.d3 h6 5.c3 d6 6.Nbd2 g5 7.h3 Nh5 8.g3 Nf6 9.Nf1 Bg7
10.Ne3 Ne7 11.Bb3 c6 12.h4 g4 13.Nh2 h5 14.f3 d5 15.fxg4 hxg4 16.O-O Be6
17.Nhxg4 Nh5 18.Qf3 Qd6 19.c4 dxe4 20.dxe4 O-O-O 21.Rd1 Qc5 22.Rxd8+ Rxd8
23.Nf2 Nf6 24.Kg2 a5 25.Nf1 Qd4 26.Rb1 Nd7 27.Be3 Qd6 28.Rd1 Qb4 29.Nd3 Qd6
30.Nc5 Qc7 31.Nxe6 fxe6 32.Qf7 Bh8 33.c5 Nd5 34.exd5 exd5 35.Bg5 Rf8 36.Qe6 a4
37.Bxa4 Qa5 38.Rxd5 cxd5 39.Bxd7+ Kb8 40.Qd6+  1-0

[Event "Saint Louis Blitz 2018"]
[Site "Saint Louis USA"]
[Date "2018.08.15"]
[Round "12.5"]
[White "Mamedyarov,S"]
[Black "Aronian,L"]
[Result "1-0"]
[WhiteElo "2801"]
[BlackElo "2767"]

1.Nf3 Nf6 2.c4 e6 3.e3 d5 4.b3 c5 5.Bb2 Nc6 6.cxd5 exd5 7.Nc3 Bd6 8.Rc1 O-O
9.Na4 b6 10.d4 Ne4 11.dxc5 Bxc5 12.Bb5 Ne7 13.O-O Bg4 14.h3 Bh5 15.Be2 Rc8
16.Nd2 Bxe2 17.Qxe2 Nxd2 18.Qxd2 Bd6 19.Qd4 Nf5 20.Rxc8 Qxc8 21.Qxd5 Rd8
22.Qe4 Bb8 23.Nc3 Re8 24.Qg4 Be5 25.Rc1 Qe6 26.Rd1 g6 27.Qe4 h5 28.Rd3 Qc8
29.Qa4 a6 30.Qd7 b5 31.Qxc8 Rxc8 32.Nd5 Bxb2 33.g4 Rc1+ 34.Kg2 hxg4 35.hxg4 Nh4+
36.Kg3 g5 37.f4 Rg1+ 38.Kh3 Nf3 39.Ne7+ Kh7 40.Nf5 Bf6 41.Rd7 Kg6 42.Rd6 Rc1
43.Ne7+ Kg7 44.Nf5+ Kg6 45.Rxa6 Nd2 46.Ng3 Rc3 47.f5+ Kg7 48.Nh5+ Kf8 49.Nxf6 Rxe3+
50.Kg2 Ne4 51.Ra8+ Kg7 52.Nh5+ Kh7 53.Re8 Re2+ 54.Kf3 Rf2+ 55.Ke3 Rxa2 56.Kxe4 Re2+  1-0

[Event "Saint Louis Blitz 2018"]
[Site "Saint Louis USA"]
[Date "2018.08.15"]
[Round "13.1"]
[White "Mamedyarov,S"]
[Black "Caruana,F"]
[Result "1-0"]
[WhiteElo "2801"]
[BlackElo "2822"]

1.d4 Nf6 2.c4 e6 3.Nc3 Bb4 4.Qc2 O-O 5.a3 Bxc3+ 6.Qxc3 d5 7.Bg5 dxc4 8.Qxc4 b6
9.Rd1 Ba6 10.Qa4 h6 11.Bh4 Qe7 12.Nf3 Rd8 13.e3 Bxf1 14.Rxf1 c5 15.dxc5 Rxd1+
16.Qxd1 bxc5 17.Qc2 Nbd7 18.Ke2 Rc8 19.Rd1 c4 20.Kf1 Nb6 21.h3 c3 22.Kg1 Qc5
23.Bxf6 gxf6 24.bxc3 Qxa3 25.Rd3 Kg7 26.e4 Qa4 27.Qc1 Qxe4 28.Rd4 Qf5 29.Rg4+ Kf8
30.Nd4 Qe5 31.Rg3 Nd5 32.Qa3+ Ne7 33.Qxa7 Rxc3 34.Nf3 Rc1+ 35.Kh2 Qc7 36.Qa8+ Qc8
37.Qa3 Rc3 38.Qb4 Qc7 39.Kg1 Rc1+ 40.Kh2 Rc5 41.Nd4 Rc4 42.Qd2 Ke8 43.Nb5  1-0

[Event "Saint Louis Blitz 2018"]
[Site "Saint Louis USA"]
[Date "2018.08.15"]
[Round "14.5"]
[White "Vachier Lagrave,M"]
[Black "Mamedyarov,S"]
[Result "1-0"]
[WhiteElo "2779"]
[BlackElo "2801"]

1.e4 c6 2.d4 d5 3.e5 Bf5 4.Nf3 e6 5.Be2 Ne7 6.O-O c5 7.c4 Nbc6 8.dxc5 dxc4
9.Na3 Nd5 10.Nxc4 Bxc5 11.Bg5 Qd7 12.a3 O-O 13.b4 Bb6 14.Rc1 h6 15.Be3 Rfd8
16.Bxb6 Nxb6 17.Qxd7 Rxd7 18.Nd6 Bg4 19.Bb5 Bxf3 20.gxf3 Rad8 21.Nxb7 Rxb7
22.Bxc6 Rc7 23.Be4 Nc4 24.Rc3 f5 25.exf6 gxf6 26.Rfc1 Rg7+ 27.Kf1 Nd2+ 28.Ke2 Nxe4
29.fxe4 Rd4 30.Ke3 Rgd7 31.Rc8+ Kf7 32.R8c7 Rd3+ 33.Ke2 Rd2+ 34.Ke1 Rd1+
35.Rxd1 Rxc7 36.Rd6 a5 37.bxa5 Rc3 38.a6 Rxa3 39.Ke2 h5 40.h4 f5 41.exf5 exf5
42.Rb6 Ke7 43.Rh6 Kf7 44.Kd2 Kg7 45.Rb6 Rf3 46.Ke2 Rf4 47.a7 Ra4 48.Rb7+ Kf6
49.f4 Ke6 50.Kd3 Kd5 51.Re7 Ra3+ 52.Kc2 Kc4 53.Kb2 Ra6 54.Rf7 Rb6+ 55.Kc2 Ra6
56.Rc7+ Kb5 57.Kd3 Kb6 58.Rf7 Ra4 59.Kc3 Kc6 60.Kb3 Ra1 61.Kc4 Ra4+ 62.Kc3 Kb6
63.Kb3 Ra1 64.Kc4 Ra5 65.Kd4 Kc6 66.Rf6+ Kd7 67.Rf8  1-0

[Event "Saint Louis Blitz 2018"]
[Site "Saint Louis USA"]
[Date "2018.08.15"]
[Round "15.2"]
[White "Mamedyarov,S"]
[Black "Karjakin,Sergey"]
[Result "1-0"]
[WhiteElo "2801"]
[BlackElo "2773"]

1.c4 Nf6 2.Nf3 e6 3.e3 Be7 4.b3 O-O 5.Bb2 b6 6.Rg1 d5 7.g4 c5 8.g5 Ne4 9.d3 Nd6
10.h4 Nc6 11.Nbd2 Bb7 12.Bh3 Nb4 13.Ne5 d4 14.Ndf3 dxe3 15.fxe3 Nf5 16.Ke2 Qc7
17.a3 Nc6 18.Qf1 Rad8 19.Qf2 Nxe5 20.Nxe5 Bd6 21.Ng4 Bg3 22.Nh6+ gxh6 23.gxh6 f6
24.Bxf5 exf5 25.Rxg3+ Kh8 26.Rg7 Qd6 27.Qxf5 Qh2+ 28.Kd1 Bf3+ 29.Kc1  1-0

[Event "Saint Louis Blitz 2018"]
[Site "Saint Louis USA"]
[Date "2018.08.15"]
[Round "16.4"]
[White "So,W"]
[Black "Mamedyarov,S"]
[Result "1-0"]
[WhiteElo "2780"]
[BlackElo "2801"]

1.e4 c6 2.d4 d5 3.exd5 cxd5 4.Bd3 Nc6 5.c3 Nf6 6.h3 g6 7.Nf3 Bf5 8.Be2 Qc7
9.O-O Bg7 10.Re1 O-O 11.Nbd2 Rfe8 12.Nf1 Rad8 13.Ng3 Ne4 14.Nxf5 gxf5 15.Bf1 Bf6
16.g3 Kh8 17.Bf4 Qc8 18.Bg2 Rg8 19.Re2 Rg7 20.Kh2 Rdg8 21.Rc1 e6 22.c4 Qd7
23.Ne5 Nxe5 24.dxe5 Bg5 25.Bxg5 Rxg5 26.Bxe4 fxe4 27.Rxe4 Rd8 28.cxd5 exd5
29.Re2 d4 30.Qd3 Qe6 31.Rc4 Rxe5 32.Rxd4 Rxe2 33.Rxd8+ Kg7 34.Qd4+ Qe5 35.Qg4+ Kh6
36.Qh4+ Kg7 37.Qg4+ Kh6 38.Qf3 f5 39.Rf8 Qe4 40.Rxf5 Qxf3 41.Rxf3 Rxb2 42.a3 b5
43.g4 a5 44.Kg2 Kg6 45.Rf5 a4 46.Kg3 Rb3+ 47.f3 h6 48.h4 Rb1 49.h5+ Kg7 50.Rc5 Rb3
51.Kf4 Kf6 52.Rc6+ Kf7 53.Rb6 Ke7 54.Rxh6 Rxa3 55.Rb6 Rb3 56.h6 Kf7 57.g5 a3
58.g6+ Ke7 59.h7  1-0

[Event "Saint Louis Blitz 2018"]
[Site "Saint Louis USA"]
[Date "2018.08.15"]
[Round "18.3"]
[White "Anand,V"]
[Black "Mamedyarov,S"]
[Result "1/2-1/2"]
[WhiteElo "2768"]
[BlackElo "2801"]

1.e4 c6 2.d4 d5 3.exd5 cxd5 4.Bd3 Nc6 5.c3 Nf6 6.Bf4 Bg4 7.Qb3 Qd7 8.Nd2 e6
9.Ngf3 Bd6 10.Bxd6 Qxd6 11.O-O O-O 12.Rfe1 Ne7 13.Ne5 Bf5 14.Bf1 Rab8 15.a4 Ne4
16.Nxe4 Bxe4 17.a5 f6 18.Nd3 Bxd3 19.Bxd3 e5 20.c4 exd4 21.cxd5 Kh8 22.Be4 b6
23.axb6 Rxb6 24.Qd3 Rxb2 25.Bxh7 Qf4 26.Qh3 Qxf2+ 27.Kh1 Ng8 28.d6 Nh6 29.Bg6 d3
30.d7 d2 31.Rf1 Qd4 32.Be8 Rb6 33.Qa3 Rg8 34.h3 Rd6 35.Rfd1 Nf5 36.Qf3 g6
37.Bxg6 Rxg6 38.Qxf5 Rg7 39.Qh5+ Kg8 40.Qe8+ Kh7 41.Ra5 Rg5 42.Rxg5 fxg5
43.Qh5+ Kg7 44.Qxg5+ Kh7 45.Qh5+ Kg7  1/2-1/2

[Event "6th Sinquefield Cup 2018"]
[Site "Saint Louis USA"]
[Date "2018.08.18"]
[Round "1.3"]
[White "Mamedyarov,S"]
[Black "So,W"]
[Result "1-0"]
[WhiteElo "2801"]
[BlackElo "2780"]

1.d4 Nf6 2.c4 e6 3.Nf3 d5 4.Bg5 Be7 5.e3 O-O 6.Qc2 h6 7.Bxf6 Bxf6 8.h4 g6
9.Nc3 c5 10.dxc5 dxc4 11.h5 g5 12.Bxc4 Qa5 13.Rc1 Nd7 14.O-O Bxc3 15.Qxc3 Qxc3
16.Rxc3 Nxc5 17.Ne5 b6 18.f4 Ne4 19.Rd3 Ng3 20.Rf3 Ne4 21.Rd4 Bb7 22.f5 Nf6
23.Rf1 Rae8 24.fxe6 fxe6 25.Ng6 Rf7 26.Ne5 Rff8 27.Rd6 Bd5 28.Rxf6 Rxf6 29.Bxd5 exd5
30.Rxf6 Rxe5 31.Rxh6 Rxe3 32.Rg6+ Kh7 33.Rxg5 Re2 34.Rxd5 Rxb2 35.Kh2 Rxa2
36.Kh3 a5 37.g4 a4 38.g5 a3 39.Rd7+ Kg8 40.Rd8+ Kh7 41.Rd7+ Kg8 42.Rd8+ Kh7
43.g6+ Kh6 44.Rh8+ Kg7 45.Rh7+ Kg8 46.Ra7 Ra1 47.Kg2 Rc1 48.h6 Rc8 49.Rxa3 b5
50.Ra7 Rb8 51.Kg3  1-0

[Event "6th Sinquefield Cup 2018"]
[Site "Saint Louis USA"]
[Date "2018.08.19"]
[Round "2.2"]
[White "Grischuk,A"]
[Black "Mamedyarov,S"]
[Result "1/2-1/2"]
[WhiteElo "2766"]
[BlackElo "2801"]

1.e4 e6 2.d4 d5 3.Nc3 Bb4 4.e5 c5 5.a3 Ba5 6.b4 cxd4 7.Qg4 Kf8 8.Nb5 Bb6
9.Nf3 Nc6 10.Bb2 Nge7 11.Bd3 Ng6 12.Qg3 f6 13.Bxg6 hxg6 14.Nbxd4 Nxe5 15.Nxe5 fxe5
16.Nf3 e4 17.Ne5 Kg8 18.Qxg6 Qe7 19.Ng4 Bd7 20.Nf6+ Kf8 21.Nh7+ Kg8 22.Nf6+ Kf8
23.Nh7+ Kg8 24.Nf6+ Kf8  1/2-1/2

[Event "6th Sinquefield Cup 2018"]
[Site "Saint Louis USA"]
[Date "2018.08.20"]
[Round "3.2"]
[White "Mamedyarov,S"]
[Black "Caruana,F"]
[Result "1/2-1/2"]
[WhiteElo "2801"]
[BlackElo "2822"]

1.d4 Nf6 2.c4 e6 3.Nf3 d5 4.Nc3 dxc4 5.e4 b5 6.e5 Nd5 7.Nxb5 Nb6 8.Be2 Nc6
9.O-O Be7 10.Be3 O-O 11.Nc3 Rb8 12.a3 Bb7 13.Qc2 Na5 14.Rad1 h6 15.Nd2 Qd7
16.f4 Nd5 17.Nxd5 Bxd5 18.Qc3 Rb5 19.Nxc4 Nxc4 20.Bxc4 Bxc4 21.Qxc4 Rxb2
22.d5 exd5 23.Rxd5 Qf5 24.a4 Rfb8 25.Rb5 c5 26.Rxb8+ Rxb8 27.Qd5 Rd8 28.Qc4 Rb8
29.Qd5 Rd8 30.Qc4 a5 31.h3 h5 32.Rc1 Rd3 33.Kf2 Qg6 34.g3 Qf5 35.Rb1 Ra3
36.Rb3 Rxb3 37.Qxb3 Qxh3 38.Qb8+ Kh7 39.Qc7 Qe6 40.Qxa5 h4 41.gxh4 Bxh4+
42.Ke2 Qc4+ 43.Kd2 Qa2+ 44.Kd1 Qb1+ 45.Ke2 c4 46.Qc3 Qe4 47.Kd1 Qf3+ 48.Kc1 Bg3
49.Qd2 c3 50.Qd4 Be1 51.Qd3+ g6 52.Kc2 Qg2+ 53.Kd1 Qh1 54.Kc2 Qc6 55.Kd1 Bg3
56.Qd4 Qf3+ 57.Kc2 Be1 58.Qd3 Qc6 59.Kd1 Bg3 60.Qd4 Qf3+ 61.Kc2  1/2-1/2

[Event "6th Sinquefield Cup 2018"]
[Site "Saint Louis USA"]
[Date "2018.08.21"]
[Round "4.2"]
[White "Mamedyarov,S"]
[Black "Aronian,L"]
[Result "1/2-1/2"]
[WhiteElo "2801"]
[BlackElo "2767"]

1.d4 Nf6 2.c4 e6 3.Nf3 d5 4.Nc3 Be7 5.Bf4 O-O 6.e3 Nbd7 7.c5 c6 8.Bd3 b6
9.b4 a5 10.a3 Ba6 11.O-O Qc8 12.h3 Qb7 13.Qc2 Bxd3 14.Qxd3 axb4 15.axb4 Rxa1
16.Rxa1 Ra8 17.Qb1 Rxa1 18.Qxa1 bxc5 19.bxc5 h6 20.Qb1 Qa8 21.Qa2 Qb7 22.Qb1 Qa8
23.Qa2 Qb7 24.Qb1  1/2-1/2

[Event "6th Sinquefield Cup 2018"]
[Site "Saint Louis USA"]
[Date "2018.08.24"]
[Round "6.2"]
[White "Mamedyarov,S"]
[Black "Vachier Lagrave,M"]
[Result "1/2-1/2"]
[WhiteElo "2801"]
[BlackElo "2779"]

1.d4 Nf6 2.c4 g6 3.Nc3 d5 4.cxd5 Nxd5 5.e4 Nxc3 6.bxc3 Bg7 7.Qa4+ Qd7 8.Bb5 c6
9.Bd3 O-O 10.Nf3 c5 11.Qxd7 Bxd7 12.Rb1 b6 13.Be3 Rd8 14.O-O Ba4 15.Rfc1 e6
16.h3 Nd7 17.Ba6 Bc6 18.Nd2 Nb8 19.Bb5 Bxb5 20.Rxb5 Na6 21.e5 Nc7 22.Rbb1 Nd5
23.Bg5 Rd7 24.Ne4 h6 25.Bd2 cxd4 26.cxd4 Rad8 27.g4 g5 28.Rc4 Nf4 29.Bxf4 gxf4
30.Rbb4 f3 31.Nf6+ Bxf6 32.exf6 Kh7 33.Kh2 Kg6 34.Kg3 Rd6 35.Rc7 Rxd4 36.Rxd4 Rxd4
37.Rxa7 Kxf6 38.Rb7 Ra4 39.Rxb6 Rxa2 40.Kxf3 Ra3+ 41.Kg2 Ra2 42.Kf3 Ra3+
43.Kg2 Ra2 44.Kf3  1/2-1/2

[Event "6th Sinquefield Cup 2018"]
[Site "Saint Louis USA"]
[Date "2018.08.25"]
[Round "7.4"]
[White "Karjakin,Sergey"]
[Black "Mamedyarov,S"]
[Result "1/2-1/2"]
[WhiteElo "2773"]
[BlackElo "2801"]

1.e4 c5 2.Nf3 d6 3.d4 cxd4 4.Nxd4 Nf6 5.Nc3 a6 6.h3 e6 7.g4 h6 8.Bg2 g5 9.Be3 Nbd7
10.Qe2 Ne5 11.O-O-O Nfd7 12.h4 Rg8 13.hxg5 hxg5 14.Kb1 b5 15.f4 gxf4 16.Bxf4 Bb7
17.g5 Qb6 18.Rh7 O-O-O 19.Be3 Qa5 20.Rf1 Rg7 21.Rxg7 Bxg7 22.g6 Nxg6 23.Rxf7 Bxd4
24.Bxd4 Nge5 25.Rf2 Qb4 26.Be3 Nc4 27.Bc1 Kb8 28.Nd1 Rc8 29.b3 Na3+ 30.Bxa3 Qxa3
31.Bh3 Nc5 32.e5 Be4 33.Qe3 Nd3 34.Rf7 Qc5 35.Qxc5 Nxc5 36.exd6 Rd8 37.Nc3 Rxd6
38.Kb2 Bc6 39.a3 Nb7 40.Rh7 Nc5 41.Rh6 Kc7 42.b4 Ne4 43.Rxe6 Rxe6 44.Bxe6 Nxc3
45.Kxc3 Kb6 46.Kd4 a5 47.Bd5 Be8 48.bxa5+ Kxa5 49.Kc5 Bg6 50.c3 Bd3 51.Bc6 Be2
52.Bd7 Bd3 53.Bc6 Be2 54.Bd7 Bd3 55.Bc6 Be2 56.Bd7  1/2-1/2

[Event "6th Sinquefield Cup 2018"]
[Site "Saint Louis USA"]
[Date "2018.08.26"]
[Round "8.2"]
[White "Mamedyarov,S"]
[Black "Carlsen,M"]
[Result "1/2-1/2"]
[WhiteElo "2801"]
[BlackElo "2842"]

1.d4 Nf6 2.c4 g6 3.Nf3 Bg7 4.g3 c6 5.Bg2 d5 6.Nbd2 a5 7.b3 a4 8.Ba3 axb3
9.axb3 O-O 10.O-O Re8 11.e3 Bf5 12.Qe2 Na6 13.Ne5 Ne4 14.cxd5 cxd5 15.Nxe4 Bxe4
16.Bxe4 dxe4 17.Qb5 Rb8 18.Qc4 Bxe5 19.dxe5 Qd3 20.Rac1 Qxc4 21.Rxc4 b5 22.Rc6 Ra8
23.Rfc1 Nb8 24.Rc8 Kf8 25.Bb4 Na6 26.Rxa8 Rxa8 27.Ba5 Ke8 28.Rc6 Kd7 29.Rb6 Nc5
30.b4 Nd3 31.e6+ fxe6 32.Rxb5 Rc8 33.Rb7+ Kd6 34.b5 Rc1+ 35.Kg2 Rc2 36.Kg1 g5
37.Rb8 Rb2 38.Rd8+ Kc5 39.b6 Rb5 40.Kg2 g4 41.h3 h5 42.hxg4 hxg4 43.Bc3 e5
44.Rg8 Kc4 45.Rc8+ Kd5 46.Rd8+ Kc5 47.Rc8+ Kxb6 48.Rb8+ Kc5 49.Rxb5+ Kxb5
50.Kf1 Ka4 51.Ke2 e6 52.Kf1 Kb3 53.Ba5 Kc2 54.Ke2 Nc1+ 55.Ke1 Nd3+ 56.Ke2 Nc1+
57.Ke1 Nd3+ 58.Ke2 Nc1+  1/2-1/2

[Event "6th Sinquefield Cup 2018"]
[Site "Saint Louis USA"]
[Date "2018.08.27"]
[Round "9.4"]
[White "Anand,V"]
[Black "Mamedyarov,S"]
[Result "1/2-1/2"]
[WhiteElo "2768"]
[BlackElo "2801"]

1.e4 e5 2.Nf3 Nc6 3.Bb5 a6 4.Ba4 Nf6 5.O-O Nxe4 6.d4 b5 7.Bb3 d5 8.dxe5 Be6
9.Nbd2 Nc5 10.c3 Be7 11.Bc2 d4 12.Nb3 d3 13.Bb1 Nxb3 14.axb3 Bf5 15.Re1 O-O
16.Be3 Qd5 17.Bd4 d2 18.Re2 Bxb1 19.Rxb1 Nxd4 20.Nxd4 Bg5 21.g3 c5 22.Nf5 Qd3
23.Nd6 Qg6 24.h4 Bh6 25.h5 Qxh5 26.Rxd2 Qxe5 27.Rd5 Qf6 28.Ra1 g6 29.Ne4 Qc6
30.Nxc5 Rfe8 31.b4 Bf8 32.Nd7 Re6 33.Ne5 Qe8 34.Nd7 h5 35.Qf3 Qe7 36.Nc5 Rf6
37.Qe4 Qxe4 38.Nxe4 Rc6 39.Nd2 Re8 40.Kf1 Rf6 41.Nb3 Re4 42.Rd8 Kg7 43.Ra8 Ree6
44.Nd4 Rd6 45.Kg2 Be7 46.Re1 Rd8 47.Ra7 Bxb4 48.Ne6+ Rxe6 49.Rxe6 Bc5 50.Rc7 Rd2
51.Rxg6+ Kxg6 52.Rxc5 Rxb2 53.Rc6+ f6 54.Rxa6 Rc2 55.Rb6 Rc1 56.Rb7 Rc2 57.Rb6 Rc1
58.Rb7 Rc2 59.Rb6  1/2-1/2

[Event "43rd Olympiad 2018"]
[Site "Batumi GEO"]
[Date "2018.09.25"]
[Round "2.21"]
[White "Vocaturo,D"]
[Black "Mamedyarov,S"]
[Result "1/2-1/2"]
[WhiteElo "2615"]
[BlackElo "2820"]

1.e4 e5 2.Nf3 Nc6 3.Bc4 Bc5 4.c3 Nf6 5.d3 d6 6.O-O h6 7.Re1 O-O 8.Nbd2 a6
9.a4 Ba7 10.Nf1 Be6 11.Bxe6 fxe6 12.Be3 Bxe3 13.Rxe3 a5 14.Ng3 Qe8 15.Qb3 Ra6
16.Rae1 Rb6 17.Qc2 Ne7 18.Nd2 Ng6 19.f3 Ra6 20.Qb3 Rb6 21.Qc2 Ra6 22.Qb3 b6
23.d4 Ra8 24.Nc4 Nd7 25.Na3 Kh8 26.Nb5 Rc8 27.Na7 Ra8 28.Nb5 Rc8 29.Na7 Ra8
30.Nb5 Rc8  1/2-1/2